000 00761nab a2200229 u 4500
001 16048
003 HDC
007 cr bn ---aaaaa
008 210220c20091219xx dr|noo 0 a eng d
040 _aHDC
245 0 _aHalal Focus Editorial - The European Halal Market Outlook
260 _a[No place] :
_b[publisher not identified],
_c2009
336 _atext
_2rdacontent
337 _acomputer
_2rdamedia
338 _aonline resource
_2rdacarrier
650 _aHalal in Europe
_916004
650 _aHalal market
_9582
856 _zRequest full-text at [email protected]
942 _2lcc
942 _cNEWS
942 _kNWSO 005628
999 _c13364
_d13364